[Event "Pribina - TPK Cup   Mistrovství ÈR junio"]
[Site "Havlíèkùv Brod - hotel Slunce"]
[Date "2012.11.25"]
[Round "1.1"]
[White "Kraus, Tomáš"]
[Black "Jurèa, Marek"]
[Result "1-0"]
[WhiteElo "2290"]
[BlackElo "1893"]
[PlyCount "65"]
[EventDate "2012.11.25"]

1. d4 d5 2. e3 Nf6 3. c4 e6 4. Nf3 Be7 5. Bd3 Nbd7 6. b3 b6 7. Bb2 Ne4 8. O-O
Bb7 9. Qe2 O-O 10. Nc3 c5 11. Rac1 Rc8 12. Rfd1 Nxc3 13. Bxc3 Rc7 14. cxd5 exd5
15. Qb2 Bf6 16. Rd2 Qa8 17. Bf5 Rd8 18. Rdc2 c4 19. Bb4 b5 20. a4 a5 21. Bd2
Bc6 22. axb5 Bxb5 23. bxc4 Bxc4 24. e4 Ra7 25. Ne5 Nxe5 26. dxe5 Be7 27. e6 f6
28. Qd4 g6 29. Bg4 a4 30. exd5 Bxd5 31. Rc7 Rb7 32. Rxe7 Rxe7 33. Qxf6 1-0

[Event "Pribina - TPK Cup   Mistrovství ÈR junio"]
[Site "Havlíèkùv Brod - hotel Slunce"]
[Date "2012.11.25"]
[Round "1.2"]
[White "Chromík, Tomáš"]
[Black "Straka, Vojtìch"]
[Result "1-0"]
[WhiteElo "1889"]
[BlackElo "2285"]
[PlyCount "75"]
[EventDate "2012.11.25"]

1. e4 c6 2. d4 d5 3. Nc3 dxe4 4. Nxe4 Nd7 5. Bc4 Ngf6 6. Ng5 e6 7. N1f3 h6 8.
Nh3 b6 9. Qe2 Bb7 10. Nf4 Nd5 11. Nxd5 cxd5 12. Bb5 a6 13. Ba4 Qc7 14. Ne5 b5
15. Nxd7 Qxd7 16. Bb3 Bd6 17. Qg4 g6 18. Bf4 a5 19. a4 b4 20. O-O Qc7 21. Bxd6
Qxd6 22. Rfe1 O-O 23. Re5 Kg7 24. Rae1 Qd8 25. h4 Qf6 26. R1e3 Ba6 27. Rf3 Qd8
28. Rg3 Re8 29. c4 dxc4 30. Bc2 Qf6 31. Rf3 Qe7 32. d5 b3 33. Bb1 Qc7 34. dxe6
Bc8 35. Qd4 f6 36. Rxf6 Qd8 37. Rf7+ Kg8 38. Rd5 1-0

[Event "Pribina - TPK Cup   Mistrovství ÈR junio"]
[Site "Havlíèkùv Brod - hotel Slunce"]
[Date "2012.11.25"]
[Round "1.3"]
[White "Janèaøík, Joel"]
[Black "Sabolová, Kristýna"]
[Result "1-0"]
[WhiteElo "2242"]
[BlackElo "1883"]
[PlyCount "101"]
[EventDate "2012.11.25"]

1. e4 c6 2. d4 d5 3. Nd2 dxe4 4. Nxe4 Nd7 5. Bc4 e6 6. Nf3 Ngf6 7. Ng3 Bd6 8.
Qe2 O-O 9. Bg5 Qc7 10. Ne4 Nxe4 11. Qxe4 Nb6 12. Bd3 f5 13. Qe2 c5 14. dxc5
Qxc5 15. Be3 Qc7 16. Bd4 Nd5 17. g3 Bd7 18. Ne5 a6 19. a3 Rae8 20. f4 Bc6 21.
O-O-O Nf6 22. Nxc6 Qxc6 23. Kb1 b5 24. c3 Nd7 25. g4 Bxf4 26. gxf5 exf5 27. Qh5
Qh6 28. Rhg1 g6 29. Qf3 Rf7 30. Rde1 Rfe7 31. Rxe7 Rxe7 32. Bxf5 Bxh2 33. Qd5+
Kf8 34. Bxd7 Bxg1 35. Bxg1 Re1+ 36. Ka2 Qc1 37. Bd4 Qa1+ 38. Kb3 Qd1+ 39. Kb4
Qa4+ 40. Kc5 Qc4+ 41. Qxc4 bxc4 42. Kxc4 h5 43. Bc5+ Kf7 44. b4 g5 45. a4 g4
46. b5 axb5+ 47. axb5 g3 48. b6 h4 49. b7 Rb1 50. Bb5 h3 51. b8=Q 1-0

[Event "Pribina - TPK Cup   Mistrovství ÈR junio"]
[Site "Havlíèkùv Brod - hotel Slunce"]
[Date "2012.11.25"]
[Round "1.4"]
[White "Rojíková, Lenka"]
[Black "Braun, Marek"]
[Result "0-1"]
[WhiteElo "1866"]
[BlackElo "2232"]
[PlyCount "50"]
[EventDate "2012.11.25"]

1. e4 c5 2. Nf3 e6 3. d4 cxd4 4. Nxd4 a6 5. Bd3 Bc5 6. Nb3 Ba7 7. Qe2 Nc6 8.
Be3 d6 9. O-O Nf6 10. Bxa7 Rxa7 11. Kh1 O-O 12. f4 b5 13. N1d2 e5 14. f5 d5 15.
exd5 Nxd5 16. Qe4 f6 17. Nc5 Qd6 18. Ndb3 Nce7 19. a4 Rc7 20. Nxa6 Bxa6 21.
axb5 Bb7 22. Na5 Ba8 23. Bc4 Kh8 24. Qd3 Qc5 25. Qa3 Ne3 0-1

[Event "Pribina - TPK Cup   Mistrovství ÈR junio"]
[Site "Havlíèkùv Brod - hotel Slunce"]
[Date "2012.11.25"]
[Round "1.5"]
[White "Baláèek, Tadeáš"]
[Black "Navrátil, Marek"]
[Result "1-0"]
[WhiteElo "2216"]
[BlackElo "1861"]
[PlyCount "56"]
[EventDate "2012.11.25"]

1. d4 Nf6 2. c4 e6 3. g3 Bb4+ 4. Bd2 Qe7 5. Nf3 O-O 6. Bg2 Bxd2+ 7. Qxd2 d6 8.
Nc3 e5 9. Nd5 Nxd5 10. cxd5 e4 11. Ng5 f5 12. h4 h6 13. Nh3 Nd7 14. Nf4 Rf7 15.
Rc1 Nf6 16. h5 b6 17. Qc3 Bb7 18. Qb3 a5 19. a4 Qe8 20. e3 Re7 21. Bf1 Qf7 22.
Bb5 Rd8 23. Ng6 Red7 24. Bxd7 Rxd7 25. Nf4 Kh7 26. Kd2 Bxd5 27. Qb5 Ba2 28.
Qxf5+ Kg8 1-0

[Event "Pribina - TPK Cup   Mistrovství ÈR junio"]
[Site "Havlíèkùv Brod - hotel Slunce"]
[Date "2012.11.25"]
[Round "1.6"]
[White "Johnová, Eliška"]
[Black "Rabatin, Jakub"]
[Result "1-0"]
[WhiteElo "1848"]
[BlackElo "2209"]
[PlyCount "103"]
[EventDate "2012.11.25"]

1. e4 c5 2. Nc3 e6 3. g3 a6 4. Bg2 Nc6 5. d3 Nf6 6. f4 d6 7. Nf3 Qc7 8. O-O Be7
9. h3 Bd7 10. Be3 h6 11. Qd2 d5 12. exd5 exd5 13. d4 cxd4 14. Nxd4 O-O-O 15.
Kh2 Bb4 16. a3 Bxc3 17. Qxc3 Rhe8 18. Rfe1 Ne4 19. Qb3 Nxd4 20. Bxd4 Re6 21.
Bxg7 Qc6 22. Rad1 Be8 23. f5 Red6 24. Rd4 Qb5 25. Bxe4 dxe4 26. Qxb5 Bxb5 27.
Rexe4 Bc6 28. Rxd6 Rxd6 29. Re2 h5 30. g4 hxg4 31. hxg4 Bf3 32. Re8+ Kd7 33.
Rf8 Bxg4 34. Rxf7+ Ke8 35. Rf8+ Ke7 36. f6+ Ke6 37. Re8+ Kf7 38. Re7+ Kg6 39.
Rxb7 Bf5 40. c3 Be4 41. Rb8 Bc2 42. Kg3 Re6 43. Rb4 Bd1 44. Kf4 Bc2 45. Rd4 Bb1
46. b4 Ba2 47. c4 Kf7 48. c5 Rc6 49. Rd1 Bb3 50. Rd2 Bc4 51. Kf5 Be6+ 52. Ke5
1-0

[Event "Pribina - TPK Cup   Mistrovství ÈR junio"]
[Site "Havlíèkùv Brod - hotel Slunce"]
[Date "2012.11.25"]
[Round "1.7"]
[White "Seidl, Štìpán"]
[Black "Steinhauserová, Anna"]
[Result "1-0"]
[WhiteElo "2185"]
[BlackElo "1821"]
[PlyCount "43"]
[EventDate "2012.11.25"]

1. e4 e5 2. Nf3 Nc6 3. Bb5 f5 4. Nc3 Nf6 5. exf5 Bc5 6. O-O O-O 7. Nxe5 Nxe5 8.
d4 Bd6 9. dxe5 Bxe5 10. Bg5 c6 11. Bd3 d5 12. Qf3 Qb6 13. Rae1 Qc7 14. h3 Nd7
15. Qh5 Nb6 16. Qe2 Nd7 17. f6 Bxf6 18. Qh5 g6 19. Bxg6 hxg6 20. Qxg6+ Kh8 21.
Re6 Bg7 22. Re7 1-0

[Event "Pribina - TPK Cup   Mistrovství ÈR junio"]
[Site "Havlíèkùv Brod - hotel Slunce"]
[Date "2012.11.25"]
[Round "1.8"]
[White "Danìk, Daniel"]
[Black "Malý, Marek"]
[Result "0-1"]
[WhiteElo "1802"]
[BlackElo "2143"]
[PlyCount "80"]
[EventDate "2012.11.25"]

1. d4 d5 2. Nf3 Nf6 3. e3 Bg4 4. c4 c6 5. Qb3 Qb6 6. Ne5 Bf5 7. Nc3 e6 8. h3
Bd6 9. g4 Qxb3 10. axb3 Bc2 11. cxd5 exd5 12. Bg2 Bxb3 13. e4 dxe4 14. Nxe4
Nxe4 15. Bxe4 Nd7 16. O-O f6 17. Nxd7 Kxd7 18. Be3 a6 19. Rac1 Rae8 20. Rc3 Bd5
21. Bxd5 cxd5 22. Rb3 b5 23. Ra1 Ra8 24. Bd2 Rhc8 25. Bb4 Bxb4 26. Rxb4 Kc6 27.
Rb3 Kb6 28. Re3 Re8 29. Rc1 Rxe3 30. fxe3 a5 31. Rc5 Rd8 32. Kf2 a4 33. Ke2 b4
34. Kd2 Rd7 35. Kc2 Rc7 36. Rxc7 Kxc7 37. h4 Kc6 38. h5 Kb5 39. b3 axb3+ 40.
Kxb3 h6 0-1

[Event "Pribina - TPK Cup   Mistrovství ÈR junio"]
[Site "Havlíèkùv Brod - hotel Slunce"]
[Date "2012.11.25"]
[Round "1.9"]
[White "Rubeš, Jan"]
[Black "Šroubová, Lenka"]
[Result "1-0"]
[WhiteElo "2130"]
[BlackElo "1790"]
[PlyCount "75"]
[EventDate "2012.11.25"]

1. e4 Nf6 2. d3 d5 3. Nd2 g6 4. g3 Bg7 5. Bg2 O-O 6. Ngf3 e6 7. O-O c5 8. Re1
Nc6 9. c3 Qc7 10. Qc2 b6 11. Nf1 Bb7 12. Bf4 e5 13. Bg5 d4 14. Qd2 Rfd8 15. c4
Re8 16. h4 h5 17. N3h2 Kh7 18. Qe2 Bc8 19. f4 Ng4 20. f5 Nf6 21. g4 hxg4 22.
Nxg4 Nxg4 23. Qxg4 Rh8 24. Ng3 Kg8 25. Rf1 Qd6 26. Rf2 Bd7 27. Raf1 Rf8 28. a3
a5 29. Bd2 Bc8 30. h5 Rh7 31. Bf3 Ne7 32. Rh2 gxf5 33. exf5 Kh8 34. Ne4 Qd7 35.
h6 Rg8 36. hxg7+ Rgxg7 37. Rxh7+ Kxh7 38. Nf6+ 1-0

[Event "Pribina - TPK Cup   Mistrovství ÈR junio"]
[Site "Havlíèkùv Brod - hotel Slunce"]
[Date "2012.11.25"]
[Round "1.10"]
[White "Škuthan, Jiøí"]
[Black "Gabriel, Adam"]
[Result "0-1"]
[WhiteElo "1782"]
[BlackElo "2129"]
[PlyCount "116"]
[EventDate "2012.11.25"]

1. e4 c5 2. Nf3 e6 3. d4 cxd4 4. Nxd4 Nf6 5. Nc3 Nc6 6. Ndb5 Bb4 7. a3 Bxc3+ 8.
Nxc3 d5 9. exd5 exd5 10. Bd3 O-O 11. O-O d4 12. Ne4 Bf5 13. Bg5 Bxe4 14. Bxe4
Qd6 15. Bxf6 Qxf6 16. Qf3 Qxf3 17. Bxf3 Ne5 18. Be4 Rfd8 19. Rfe1 f6 20. Bf5 g6
21. Be6+ Kf8 22. f4 Nd7 23. Rad1 Nc5 24. Bh3 Rd6 25. b4 Na4 26. g3 Nb2 27. Rd2
Nc4 28. Rd3 Rad8 29. Bg2 R8d7 30. Bf3 b5 31. Bg2 Nb2 32. Rb3 Na4 33. Rd3 Nc3
34. Bf3 Ra6 35. Ra1 Kf7 36. Kf2 f5 37. Kg1 Re6 38. Kf2 a5 39. g4 Ra6 40. bxa5
Rxa5 41. gxf5 gxf5 42. Bh5+ Kf6 43. Bf3 Rd6 44. Bb7 b4 45. Rh3 Rd7 46. Rg1 bxa3
47. Rh6+ Ke7 48. Bc6 Rda7 49. Rxh7+ Kd6 50. Rh6+ Kc5 51. Be8 a2 52. Rc6+ Kb4
53. Rb6+ Kc5 54. Rc6+ Kd5 55. Rgg6 a1=Q 56. Rgd6+ Ke4 57. Rc4 Kxf4 58. Rcxd4+
Ne4+ 0-1

[Event "Pribina - TPK Cup   Mistrovství ÈR junio"]
[Site "Havlíèkùv Brod - hotel Slunce"]
[Date "2012.11.25"]
[Round "1.11"]
[White "Haman, Jakub"]
[Black "Kopøiva, Martin"]
[Result "1-0"]
[WhiteElo "2129"]
[BlackElo "1776"]
[PlyCount "133"]
[EventDate "2012.11.25"]

1. e4 c5 2. Nf3 d6 3. d4 cxd4 4. Nxd4 Nf6 5. Nc3 a6 6. Be3 e6 7. Be2 Qc7 8. O-O
b5 9. f3 Nbd7 10. a4 bxa4 11. Nxa4 Bb7 12. c4 Ne5 13. Rc1 Nfd7 14. b4 Be7 15.
Qd2 O-O 16. Rfd1 Rfc8 17. f4 Nc6 18. Bf3 Rab8 19. Nb3 Nxb4 20. Qxb4 Bxe4 21.
Qa3 Bxf3 22. gxf3 Nf6 23. Nd4 Rb7 24. Nc3 d5 25. Qxa6 dxc4 26. Ndb5 Qb8 27. Nd6
Bxd6 28. Rxd6 Rb3 29. Rcd1 Nd5 30. Nxd5 exd5 31. Ba7 Qa8 32. R6xd5 h6 33. Qxc8+
Qxc8 34. Rd8+ Qxd8 35. Rxd8+ Kh7 36. Rc8 c3 37. Bd4 c2 38. Rxc2 Rxf3 39. Rf2
Rd3 40. Bb2 Rd1+ 41. Kg2 Rd3 42. Re2 Kg6 43. Bc1 Kf6 44. Re3 Rd1 45. Bb2+ Kg6
46. Rg3+ Kf5 47. Bxg7 Kxf4 48. Bxh6+ Ke4 49. h4 Rd6 50. Bg5 f6 51. Bh6 Rd5 52.
Re3+ Kf5 53. Kg3 Kg6 54. Bf4 Kh5 55. Rc3 Rd8 56. Rc5+ Kg6 57. h5+ Kh7 58. Rc7+
Kh8 59. h6 Re8 60. Kg4 Rd8 61. Kf5 Rf8 62. Bc1 Ra8 63. Kg6 Rg8+ 64. Rg7 Re8 65.
h7 Rb8 66. Bb2 Rf8 67. Ba1 1-0

[Event "Pribina - TPK Cup   Mistrovství ÈR junio"]
[Site "Havlíèkùv Brod - hotel Slunce"]
[Date "2012.11.25"]
[Round "1.12"]
[White "Kaser, Jiøí"]
[Black "Stachoò, Martin"]
[Result "0-1"]
[WhiteElo "1758"]
[BlackElo "2127"]
[PlyCount "146"]
[EventDate "2012.11.25"]

1. e4 c5 2. Nc3 e6 3. Nf3 a6 4. d4 cxd4 5. Nxd4 Qc7 6. Bd3 Nf6 7. Qe2 d6 8. O-O
Be7 9. Re1 b5 10. e5 dxe5 11. Nf3 Nbd7 12. Nxe5 Nxe5 13. Bf4 Nfd7 14. Bxe5 Nxe5
15. Qxe5 Qxe5 16. Rxe5 O-O 17. Be4 Ra7 18. Rd1 Rc7 19. Bd3 Rd8 20. Rde1 g6 21.
R5e2 Bf6 22. Nd1 Bb7 23. b3 Bd4 24. c4 b4 25. Be4 Bc8 26. Rd2 Rcd7 27. Rc2 f5
28. Bf3 Bc5 29. Ne3 Kf7 30. h3 h5 31. Kf1 Kf6 32. Rd1 Ke5 33. Rxd7 Rxd7 34. Ke2
f4 35. Nd1 Kf5 36. Rd2 Rxd2+ 37. Kxd2 e5 38. Kd3 Bd4 39. Be4+ Kf6 40. f3 g5 41.
Ke2 Ke6 42. Nf2 Kd6 43. Bg6 Bxf2 44. Kxf2 Kc5 45. Ke2 Kd4 46. Kd2 g4 47. Bxh5
gxh3 48. gxh3 Bxh3 49. Bg6 Be6 50. Bd3 Bd7 51. Be4 Bc8 52. Bd3 Bb7 53. Be2 e4
54. fxe4 Bxe4 55. Bf1 a5 56. Bh3 Bb1 57. Kc1 Bd3 58. Bg2 Ke3 59. c5 f3 60. Bh3
f2 61. c6 f1=Q+ 62. Bxf1 Bxf1 63. c7 Ba6 64. Kb2 Kd2 65. a3 Bc8 66. axb4 axb4
67. Kb1 Kc3 68. Ka2 Kc2 69. Ka1 Kxb3 70. Kb1 Kc3 71. Kc1 b3 72. Kb1 b2 73. Ka2
Kc2 0-1

[Event "Pribina - TPK Cup   Mistrovství ÈR junio"]
[Site "Havlíèkùv Brod - hotel Slunce"]
[Date "2012.11.25"]
[Round "1.13"]
[White "Toman, Ondøej"]
[Black "Suchomelová, Simona"]
[Result "1-0"]
[WhiteElo "2101"]
[BlackElo "1757"]
[PlyCount "59"]
[EventDate "2012.11.25"]

1. e4 c5 2. Nc3 Nc6 3. g3 d6 4. Bg2 Nf6 5. d3 g6 6. Bg5 Bg7 7. Qd2 Bd7 8. Bh6
O-O 9. h4 Bxh6 10. Qxh6 Nd4 11. Qd2 Rc8 12. Nf3 b5 13. Nxd4 cxd4 14. Nd5 e5 15.
h5 Nxd5 16. exd5 Qe7 17. O-O-O Rc5 18. Kb1 Rfc8 19. Rc1 Rb8 20. f4 b4 21. hxg6
fxg6 22. Be4 a5 23. g4 exf4 24. Qxf4 a4 25. Qh2 Be8 26. Rce1 Qc7 27. Qf2 Rc8
28. Ref1 Bf7 29. Rxh7 Kxh7 30. Qf6 1-0

[Event "Pribina - TPK Cup   Mistrovství ÈR junio"]
[Site "Havlíèkùv Brod - hotel Slunce"]
[Date "2012.11.25"]
[Round "1.14"]
[White "Schaffer, Ondøej"]
[Black "Pùlpán, Jakub"]
[Result "0-1"]
[WhiteElo "1748"]
[BlackElo "2099"]
[PlyCount "118"]
[EventDate "2012.11.25"]

1. d4 Nf6 2. c4 e6 3. Nf3 d5 4. Bg5 Be7 5. Nc3 O-O 6. e3 h6 7. Bh4 Ne4 8. Bxe7
Qxe7 9. Bd3 Nxc3 10. bxc3 dxc4 11. Bxc4 b6 12. O-O Bb7 13. Re1 Nd7 14. e4 e5
15. d5 Rad8 16. Qa4 a6 17. Qb4 Nc5 18. Rad1 a5 19. Qa3 Qd6 20. Qb2 f5 21. exf5
Rxf5 22. Qc2 Rdf8 23. Bd3 Rxf3 24. gxf3 Rxf3 25. Be4 Rf4 26. Bg2 e4 27. Re3 Rh4
28. Rg3 Bc8 29. c4 Rf4 30. Qc3 g5 31. Qe3 Bf5 32. Rd2 Nd3 33. Bf1 Ne5 34. Be2
Kh7 35. a3 Bg4 36. Bxg4 Nxg4 37. Qd4 Qg6 38. Qb2 Qf5 39. Qc2 Ne5 40. Kg2 Nf3
41. Rd1 Nxh2 42. c5 b5 43. d6 Nf3 44. d7 Qf6 45. d8=Q Qxd8 46. Rxd8 Ne1+ 47.
Kf1 Nxc2 48. Rc3 Na1 49. Rd1 b4 50. axb4 axb4 51. Rd7+ Kg6 52. Rc1 Nb3 53. Rc2
e3 54. c6 Nd2+ 55. Rcxd2 exd2 56. Rxd2 Rc4 57. Rb2 h5 58. Kg2 Kf5 59. Rb3 Ke6
0-1

[Event "Pribina - TPK Cup   Mistrovství ÈR junio"]
[Site "Havlíèkùv Brod - hotel Slunce"]
[Date "2012.11.25"]
[Round "1.15"]
[White "Výprachtický, David"]
[Black "Šaffová, Michaela"]
[Result "1-0"]
[WhiteElo "2092"]
[BlackElo "1743"]
[PlyCount "55"]
[EventDate "2012.11.25"]

1. e4 e6 2. b3 d5 3. Bb2 Nf6 4. e5 Nfd7 5. d4 c5 6. c3 Nc6 7. f4 Be7 8. Nf3 O-O
9. Bd3 f5 10. O-O h6 11. Qe1 g5 12. fxg5 hxg5 13. Qg3 Kf7 14. Ne1 Rh8 15. Nc2
Nf8 16. c4 cxd4 17. Nd2 Ng6 18. Rae1 Nf4 19. cxd5 Nxd3 20. dxe6+ Bxe6 21. Qxd3
Qa5 22. Rxf5+ Bxf5 23. Qxf5+ Ke8 24. Nc4 Qxa2 25. Nd6+ Kd8 26. Nxd4 Nxd4 27.
Bxd4 Rf8 28. Nxb7+ 1-0

[Event "Pribina - TPK Cup   Mistrovství ÈR junio"]
[Site "Havlíèkùv Brod - hotel Slunce"]
[Date "2012.11.25"]
[Round "1.16"]
[White "Tùma, Jan"]
[Black "Macháò, Jan"]
[Result "0-1"]
[WhiteElo "1738"]
[BlackElo "2078"]
[PlyCount "58"]
[EventDate "2012.11.25"]

1. e4 c5 2. Nf3 d6 3. d4 cxd4 4. Nxd4 Nf6 5. Nc3 a6 6. Bc4 e6 7. Bb3 Be7 8. Be3
Qc7 9. f3 Nc6 10. Qd2 Bd7 11. O-O-O h5 12. Kb1 Rc8 13. g3 Na5 14. h3 Nc4 15.
Bxc4 Qxc4 16. g4 g6 17. g5 Nh7 18. f4 b5 19. f5 b4 20. fxe6 fxe6 21. Nce2 O-O
22. Nf4 Rxf4 23. Bxf4 e5 24. Nf3 Be6 25. b3 Qxe4 26. Rhf1 Bf5 27. Qd5+ Qxd5 28.
Rxd5 Rxc2 29. Nd4 Rf2+ 0-1

[Event "Pribina - TPK Cup   Mistrovství ÈR junio"]
[Site "Havlíèkùv Brod - hotel Slunce"]
[Date "2012.11.25"]
[Round "1.17"]
[White "Rùžièka, Václav"]
[Black "Paøízek, Vojtìch"]
[Result "1-0"]
[WhiteElo "2072"]
[BlackElo "1727"]
[PlyCount "53"]
[EventDate "2012.11.25"]

1. c4 Nf6 2. Nc3 e6 3. e4 c5 4. f4 d6 5. g3 Nc6 6. Bg2 g6 7. d3 Bg7 8. h3 O-O
9. Nge2 a6 10. Be3 Qc7 11. Qd2 b6 12. g4 Bb7 13. Ng3 Rad8 14. O-O Ne7 15. d4 d5
16. cxd5 exd5 17. e5 Nd7 18. Rac1 c4 19. f5 f6 20. exf6 Nxf6 21. Bf4 Qd7 22. g5
Nxf5 23. Nxf5 gxf5 24. gxf6 Bxf6 25. Bg5 Qg7 26. Bh6 Bxd4+ 27. Kh1 1-0

[Event "Pribina - TPK Cup   Mistrovství ÈR junio"]
[Site "Havlíèkùv Brod - hotel Slunce"]
[Date "2012.11.25"]
[Round "1.18"]
[White "Macková, Veronika"]
[Black "Dobeš, Vojtìch"]
[Result "0-1"]
[WhiteElo "1724"]
[BlackElo "2055"]
[PlyCount "172"]
[EventDate "2012.11.25"]

1. c4 Nf6 2. Nc3 e6 3. d4 Bb4 4. Nf3 b6 5. g3 O-O 6. Bg2 Bb7 7. O-O Bxc3 8.
bxc3 d6 9. Re1 Nc6 10. Bg5 h6 11. Bxf6 Qxf6 12. e4 e5 13. d5 Na5 14. Nd2 Ba6
15. Qa4 Bc8 16. Rab1 Qe7 17. Qd1 f5 18. Qh5 f4 19. Rf1 Bd7 20. Bh3 Bxh3 21.
Qxh3 Nb7 22. Nf3 Nc5 23. Rbe1 Qd7 24. Qxd7 Nxd7 25. Nh4 Kh7 26. h3 g6 27. Kh2
Rf6 28. g4 Rc8 29. Rg1 c6 30. Rc1 cxd5 31. cxd5 f3 32. g5 Rf4 33. Rg4 hxg5 34.
Rxf4 gxf4 35. Nxf3 Kh6 36. Kg2 Nc5 37. Nd2 Nd3 38. Rd1 Rxc3 39. Nb1 Rc1 40.
Rxd3 Rxb1 41. Rc3 Rb2 42. Rc6 Rxa2 43. Rxd6 b5 44. Rd8 b4 45. d6 Rd2 46. d7 Kg7
47. Rb8 Rxd7 48. Rxb4 Kf6 49. Ra4 Rd4 50. Rxa7 Rxe4 51. Ra6+ Kf5 52. Kf3 Rb4
53. Ra5 Rb3+ 54. Kg2 g5 55. Ra8 Rb6 56. Ra5 Rg6 57. Kf3 Rh6 58. Kg2 Rh4 59. Ra8
Rh6 60. Rf8+ Ke4 61. Rg8 Kf5 62. Rf8+ Rf6 63. Ra8 g4 64. hxg4+ Kxg4 65. f3+ Kf5
66. Ra5 Rb6 67. Ra3 Rb2+ 68. Kf1 Ke6 69. Ra6+ Kd5 70. Ra5+ Kd4 71. Ra4+ Kd5 72.
Ra5+ Ke6 73. Ra6+ Kf5 74. Ra3 Rc2 75. Ra6 Rd2 76. Ke1 Rb2 77. Kf1 Rb5 78. Rh6
Kg5 79. Re6 Kf5 80. Re8 Kf6 81. Rf8+ Ke6 82. Re8+ Kd5 83. Rh8 Kd4 84. Ra8 Rc5
85. Ra3 Rc3 86. Ra4+ Ke3 0-1

[Event "Pribina - TPK Cup   Mistrovství ÈR junio"]
[Site "Havlíèkùv Brod - hotel Slunce"]
[Date "2012.11.25"]
[Round "1.19"]
[White "Kozel, Jiøí"]
[Black "Fusková, Martina"]
[Result "1-0"]
[WhiteElo "2051"]
[BlackElo "1716"]
[PlyCount "95"]
[EventDate "2012.11.25"]

1. e4 c5 2. Nf3 Nc6 3. d4 cxd4 4. Nxd4 e5 5. Nb5 d6 6. N1c3 a6 7. Na3 Be7 8. g3
b5 9. Nd5 Nf6 10. Bg2 Be6 11. Bg5 Bxd5 12. exd5 Nb8 13. c4 bxc4 14. Nxc4 Nbd7
15. O-O O-O 16. Rc1 Rb8 17. Be3 Ne8 18. Qa4 Nc7 19. Qc6 Ne8 20. Qxa6 Ra8 21.
Qb7 Rb8 22. Qc6 Rc8 23. Qa4 Nc5 24. Bxc5 Rxc5 25. b4 Rc8 26. Na5 Ra8 27. Qb3
Nf6 28. Rc2 Qb6 29. Nc6 Rfe8 30. a4 Nd7 31. Qa3 Bg5 32. h4 Bh6 33. a5 Qb5 34.
Rd1 e4 35. Bf1 Qb7 36. Be2 g6 37. Qa4 Kf8 38. Rc4 f5 39. Qa1 Bg7 40. Qc1 Rec8
41. h5 Kf7 42. Qg5 Ne5 43. a6 Qd7 44. Nxe5+ Bxe5 45. Qh6 Rh8 46. Rdc1 Ra7 47.
Qe3 Kf6 48. Rc6 1-0

[Event "Pribina - TPK Cup   Mistrovství ÈR junio"]
[Site "Havlíèkùv Brod - hotel Slunce"]
[Date "2012.11.25"]
[Round "1.20"]
[White "Nosek, Jan"]
[Black "Èáp, Adam"]
[Result "1/2-1/2"]
[WhiteElo "1706"]
[BlackElo "2028"]
[PlyCount "50"]
[EventDate "2012.11.25"]

1. d4 Nf6 2. c4 g6 3. Nc3 Bg7 4. e4 d6 5. f3 O-O 6. Bg5 h6 7. Be3 e5 8. d5 Nh5
9. Qd2 Qh4+ 10. Bf2 Qe7 11. Nge2 f5 12. O-O-O f4 13. c5 Na6 14. cxd6 cxd6 15.
Nb5 Bd7 16. Nec3 Rfc8 17. Nxa7 Re8 18. Bxa6 bxa6 19. Nc6 Qf7 20. Kb1 Rec8 21.
Na5 Bf6 22. Bb6 Rab8 23. Ba7 Ra8 24. Bb6 Be8 25. Rc1 Rab8 1/2-1/2

[Event "Pribina - TPK Cup   Mistrovství ÈR junio"]
[Site "Havlíèkùv Brod - hotel Slunce"]
[Date "2012.11.25"]
[Round "1.21"]
[White "Hošek, Martin"]
[Black "Skoøepa, Jakub"]
[Result "1-0"]
[WhiteElo "2027"]
[BlackElo "1702"]
[PlyCount "75"]
[EventDate "2012.11.25"]

1. d4 d5 2. c4 c6 3. Nc3 Nf6 4. Nf3 e6 5. e3 Bd6 6. Qc2 O-O 7. b3 Nbd7 8. Bb2
Re8 9. Be2 b6 10. O-O Bb7 11. Rac1 Rc8 12. Rfd1 Qe7 13. Qb1 c5 14. dxc5 bxc5
15. h3 Nb6 16. Ne1 Bb8 17. Rc2 Red8 18. cxd5 exd5 19. Rcd2 Qd6 20. Nf3 a6 21.
Bd3 Qe7 22. Bf5 Rc6 23. Ne2 a5 24. Bxf6 Qxf6 25. Bxh7+ Kh8 26. Bd3 Rcd6 27. Ng3
d4 28. e4 R6d7 29. Nf5 a4 30. Bb5 Bc6 31. e5 Qg6 32. Bxc6 Qxc6 33. Re1 Re8 34.
Re4 axb3 35. axb3 Nd5 36. Rh4+ Kg8 37. Qe4 Nb4 38. Ne7+ 1-0

[Event "Pribina - TPK Cup   Mistrovství ÈR junio"]
[Site "Havlíèkùv Brod - hotel Slunce"]
[Date "2012.11.25"]
[Round "1.22"]
[White "Zemková, Klára"]
[Black "Šlampa, Jan"]
[Result "1/2-1/2"]
[WhiteElo "1702"]
[BlackElo "2024"]
[PlyCount "88"]
[EventDate "2012.11.25"]

1. e4 c6 2. d4 d5 3. Nd2 dxe4 4. Nxe4 Bf5 5. Ng3 Bg6 6. h4 h6 7. Nf3 Nd7 8. h5
Bh7 9. Bd3 Bxd3 10. Qxd3 e6 11. Bf4 Qa5+ 12. Bd2 Qc7 13. O-O-O Ngf6 14. c4 Bd6
15. Ne4 Nxe4 16. Qxe4 Nf6 17. Qh4 O-O-O 18. Kb1 c5 19. Rhe1 Nd7 20. dxc5 Nxc5
21. Nd4 Be7 22. Qf4 Bd6 23. Qg4 a6 24. Bb4 Be5 25. Bxc5 Qxc5 26. Nxe6 Rxd1+ 27.
Rxd1 fxe6 28. Qxe6+ Kb8 29. Rd5 Qxf2 30. Qxe5+ Ka8 31. Qe4 Rc8 32. b3 Rf8 33.
Rd7 Qf1+ 34. Kb2 Qf6+ 35. Ka3 Qb6 36. Qd4 Qa5+ 37. Kb2 Re8 38. Qd3 Qb6 39. Rd6
Qf2+ 40. Ka3 Re2 41. Rxa6+ bxa6 42. Qd8+ Kb7 43. Qd7+ Kb6 44. Qd6+ Kb7 1/2-1/2

[Event "Pribina - TPK Cup   Mistrovství ÈR junio"]
[Site "Havlíèkùv Brod - hotel Slunce"]
[Date "2012.11.25"]
[Round "1.23"]
[White "Stárek, Stanislav"]
[Black "Babièka, Michal"]
[Result "1-0"]
[WhiteElo "2013"]
[BlackElo "1700"]
[PlyCount "45"]
[EventDate "2012.11.25"]

1. d4 d5 2. c4 dxc4 3. Nc3 e5 4. d5 Nf6 5. e4 c6 6. Bxc4 Bb4 7. Qb3 Bxc3+ 8.
bxc3 O-O 9. Ba3 Re8 10. dxc6 Nxc6 11. Bxf7+ Kh8 12. Bxe8 Qxe8 13. Ne2 Nxe4 14.
f3 Nf6 15. O-O b6 16. Ng3 Bb7 17. Rfe1 Qg6 18. Qb1 Qf7 19. Nf5 Qe6 20. Nd6 Ba6
21. Qb3 Qxb3 22. axb3 Rd8 23. Nf7+ 1-0

[Event "Pribina - TPK Cup   Mistrovství ÈR junio"]
[Site "Havlíèkùv Brod - hotel Slunce"]
[Date "2012.11.25"]
[Round "1.24"]
[White "Liduch, Filip"]
[Black "Ptáèek, Tomáš"]
[Result "0-1"]
[WhiteElo "1697"]
[BlackElo "2007"]
[PlyCount "120"]
[EventDate "2012.11.25"]

1. e4 e6 2. d4 d5 3. e5 c5 4. c3 Nc6 5. Nf3 Bd7 6. Be2 f6 7. O-O Qc7 8. Bf4 c4
9. Nbd2 f5 10. h4 h6 11. h5 O-O-O 12. b3 Na5 13. Nh4 Ne7 14. Ng6 Nxg6 15. hxg6
Be7 16. Bh5 Kb8 17. b4 Nc6 18. a4 Bg5 19. Qf3 Be8 20. Qg3 Ne7 21. Bxg5 hxg5 22.
Qxg5 Rh6 23. f4 Bxg6 24. Bxg6 Nxg6 25. Nf3 Rdh8 26. Kf2 Nh4 27. Rh1 Nxf3 28.
Rxh6 Rxh6 29. Kxf3 Kc8 30. Kf2 Qf7 31. Rg1 Rg6 32. Qh4 Rh6 33. Qg5 Rh5 34. Qg3
Qe7 35. Qf3 Rh8 36. a5 Kb8 37. g3 Kc7 38. Rh1 Qe8 39. Rxh8 Qxh8 40. Kg2 Kc6 41.
Qd1 Kb5 42. Qe2 a6 43. Qd1 Qh6 44. Qe2 g6 45. Qd1 Qh5 46. Qd2 Qg4 47. Qe1 g5
48. fxg5 Qxg5 49. Kf2 f4 50. gxf4 Qxf4+ 51. Kg2 Qg4+ 52. Kf1 Qf3+ 53. Kg1 Ka4
54. Qa1+ Kb3 55. Qb1+ Kxc3 56. b5 Qe3+ 57. Kh1 Qe4+ 58. Qxe4 dxe4 59. d5 e3 60.
Kg2 e2 0-1

[Event "Pribina - TPK Cup   Mistrovství ÈR junio"]
[Site "Havlíèkùv Brod - hotel Slunce"]
[Date "2012.11.25"]
[Round "1.25"]
[White "Hrdina, Robin"]
[Black "Kuchaø, Tomáš"]
[Result "1-0"]
[WhiteElo "2007"]
[BlackElo "1697"]
[PlyCount "73"]
[EventDate "2012.11.25"]

1. e4 c5 2. Nf3 e6 3. d4 cxd4 4. Nxd4 Nc6 5. Nxc6 bxc6 6. Bd3 d5 7. e5 Qc7 8.
Qe2 c5 9. b3 Ne7 10. O-O Nc6 11. Bb2 Rb8 12. c4 d4 13. f4 Be7 14. Nd2 Bb7 15.
Qg4 g6 16. a3 a5 17. Ne4 Ba6 18. Qd1 Qb6 19. Qf3 Kd7 20. Nd2 a4 21. b4 cxb4 22.
c5 Bxc5 23. Bxa6 Qxa6 24. Ne4 Be7 25. Rfd1 Qb6 26. axb4 Qxb4 27. Bxd4 Nxd4 28.
Qe3 Ke8 29. Rxd4 Qb3 30. Rd3 Qb4 31. Nd6+ Bxd6 32. exd6 Qb6 33. Qxb6 Rxb6 34.
Rxa4 Kf8 35. Ra8+ Kg7 36. Rxh8 Kxh8 37. d7 1-0